Modelos autorregresivos con umbral: estimando el passthrough del tipo de cambio a precios domésticos (Registro nro. 32206)

Detalles MARC
000 -LEADER
fixed length control field 00458 a2200133 4500
001 - CONTROL NUMBER
control field ART_45506
005 - DATE AND TIME OF LATEST TRANSACTION
control field 20260410162011.0
008 - FIXED-LENGTH DATA ELEMENTS--GENERAL INFORMATION
fixed length control field 260409a
100 1# - MAIN ENTRY--PERSONAL NAME
Personal name Brufman, Juana Z.
245 10 - TITLE STATEMENT
Title Modelos autorregresivos con umbral: estimando el passthrough del tipo de cambio a precios domésticos
700 1# - ADDED ENTRY--PERSONAL NAME
Personal name Trajtenberg, Luis A.
700 1# - ADDED ENTRY--PERSONAL NAME
Personal name Donaldson, María Paula
773 0# - HOST ITEM ENTRY
Title Cuadernos del CIMBAGE
Related parts - Nº 19 (mayo 2017)
Record control number REV34895

No hay ítems disponibles.